000 00842nam a2200241 i 4500
001 184591
003 ES-MaACL
005 20231122114107.0
008 151023s1997 mx |||| | spa d
020 _a968-36-6280-3
080 _a621.039(72)
100 1 _aVélez Ocón, Carlos.
_9158013
245 1 0 _aCincuenta años de energía nuclear en México, 1945-1995 /
_cCarlos Vélez Ocón.
250 _a1ª ed.
260 _aMéxico :
_bPrograma Universitario de Energía, Universidad Nacional Autónoma de México,
_c1997.
300 _a106 p. ;
_c23 cm.
504 _aBibliografía: p. [103]-106.
650 4 _aEnergía nuclear-
_zMéxico.
_9158014
710 2 _aUniversidad Nacional Autónoma de México.
_97397
852 _aES-MaACL
_jA-13606
_9 191595
_bR.150847
_cDEPO1
_dOlim: N-6606
942 _2udc
999 _c184591
_d184591